| LEADER 01174nam 2200277 a 4500 |
| 001 12334105571 |
| 003 ULIB |
| 008 030417s2551 th a sb 001 0 tha |
| 020 ^a9789741629992
|
| 060 4 ^aWQ100^bจ337ค 2551
|
| 100 0 ^aจารุวรรณ เย็นเสมอ
|
| 245 10 ^aคู่มือพ่อแม่ในโครงการโรงพยาบาลสายใยรักแห่งครอบครัวจังหวัดสุรินทร์/^cผู้เรียบเรียง จารุวรรณ เย็นเสมอ, ปิยนุช ภิญโย
|
| 250 ^aพิมพ์ครั้งที่ 3
|
| 260 ^aสุรินทร์ :^bงานอนามัยแม่และเด็ก สำนักงานสาธารณสุขจังหวัดสุรินทร์,^c2551
|
| 300 ^a72 หน้า :^bภาพสีประกอบ
|
| 520 ^aหนังสือเล่มนี้เสนอเนื้อหาการปฏิบัติตัวระหว่างตั้งครรภ์ การเตรียมตัวด้านสุขภาพระยะก่อนคลอด ระยะหลังคลอด และการดูแลทารกตั้งแต่แรกเกิดจนกระทั่งอายุ 5 ปี
|
| 650 7 ^aมารดาและบุตร
|
| 650 7 ^aการตั้งครรภ์
|
| 650 7 ^aสูติศาสตร์
|
| 700 0 ^aปิยนุช ภิญโย
|
| 710 1 ^aสำนักงานสาธารณสุขจังหวัดสุรินทร์.^bงานอนามัยแม่และเด็ก
|
| 913 ^aImported by ULIBM Administrator
|
| 949 ^aImport form external file by ULIBM system
|
| 999 ^aสุณิสา
|